000
00306nam a22001337a 4500
020
_q
HB.
040
_c
FIZZA ISHAQ
082
_a
624.0684
_b
SUI
100
_a
PHENG,SUI.
_9
90714
245
_a
PROJECT QUALITY MANAGEMENT /
_c
SUI PHENG.
260
_a
SSBM ;
_c
2014.
300
_a
186 P. ;
942
_2
ddc
_c
BK
999
_c
588925
_d
588925